000 00661nam a22002292 4500
999 _c18316
_d18316
001 0000009229
003 OSt
005 20200721162635.0
008 080912s xx 000 0 eng d
020 _a1260185218
_cKES 5110
040 _aKABU
_cKABU
050 _aHB172.5
_b.R66 2012 c. 1
100 1 _aRomer, David.
245 1 0 _aAdvanced macroeconomics /
_cDavid Romer.
250 _a5th ed.
260 _aBoston :
_bMcGraw-Hill,
_c2012
300 _axviii, 782 p.
650 0 _aMacroeconomics.
908 _a080912
942 _2lcc
_cBK
_hHB172.5
_i.R66 2012 c. 1